| 000 | 01674nam a2200433 i 4500 | ||
|---|---|---|---|
| 001 | ELB53380 | ||
| 003 | FlNmELB | ||
| 006 | m o d | | ||
| 007 | cr cnu|||||||| | ||
| 008 | 150325s2014 sp o 001 0 spa d | ||
| 020 | _a9788481027082 (e-book) | ||
| 020 | _z9788481021813 | ||
| 035 | _a(MiAaPQ)EBC3227196 | ||
| 035 | _a(Au-PeEL)EBL3227196 | ||
| 035 | _a(CaPaEBR)ebr11002592 | ||
| 035 | _a(OCoLC)992104375 | ||
| 040 |
_aFINmELB _bspa _erda _cFINmELB |
||
| 050 | 4 |
_aSF196.S7 _b.G643 2014 |
|
| 080 | _a636 | ||
| 082 | 0 |
_a636.200946 _223 |
|
| 100 | 1 | _aGonzález de Linares, Gervasio. | |
| 245 | 1 | 4 |
_aUna visión del mundo ganadero montañés / _cGervasio González de Linares ; estudio preliminar: Leonor de la Puente Fernández. |
| 264 | 1 |
_aSantander : _bEditorial de la Universidad de Cantabria, _c2014. |
|
| 300 | _a1 recurso en línea (147 páginas) | ||
| 336 |
_atexto _btxt _2rdacontent/spa |
||
| 337 |
_acomputadora _bc _2rdamedia/spa |
||
| 338 |
_arecurso en línea _bcr _2rdacarrier/spa |
||
| 490 | 1 | _aCantabria 4 estaciones | |
| 500 | _aIncluye índice. | ||
| 588 | _aDescripción basada en recurso en línea; Título de la página del título en PDF (e-libro, visto March 25, 2015). | ||
| 590 | _aRecurso electrónico. Santa Fe, Arg.: e-libro, 2015. Disponible vía World Wide Web. El acceso puede estar limitado para las bibliotecas afiliadas a e-libro. | ||
| 650 | 0 |
_aCattle _zSpain. |
|
| 650 | 4 |
_aGanado _zEspaña. |
|
| 655 | 4 | _aLibros electrónicos. | |
| 700 | 1 | _aPuente Fernández, Leonor de la. | |
| 797 | 2 | _ae-libro, Corp. | |
| 830 | 0 | _aCantabria 4 estaciones. | |
| 856 | 4 | 0 | _uhttps://elibro.net/ereader/usam/53380 |
| 999 |
_c143562 _d143562 |
||